| 000 | 00000nas##2200000za#4500 |
| 001 | 9.505121 |
| 003 | CaOODSP |
| 005 | 20250319164423 |
| 007 | cr ||||||||||| |
| 008 | 150406c2005||||xxc|| m o||||f| |0eng|d |
| 040 | |aCaOODSP|beng |
| 043 | |an-cn--- |
| 086 | 1 |aHP24-6E-PDF |
| 110 | 1 |aCanada.|bDivision of Aging and Seniors. |
| 245 | 10|aInfo-sheet for seniors |h[electronic resource] |
| 260 | |aOttawa - Ontario : |bPublic Health Agency of Canada. |
| 310 | |aIrregular |
| 520 | 3 |aThis series of fact sheets gives seniors information about health and health-related issues that individuals need to consider as they get older. The topics covered include diseases, such as heart disease and diabetes; physical changes, such as vision and hearing loss; and health care issues, such assistive devices and palliative care. Each info-sheet has a section that provides references for more information. |
| 690 | 07|aSeniors|2gcpds |
| 775 | 08|tInfo-aînés |w(CaOODSP)9.501522 |
| 776 | 0#|tInfo sheet for seniors |w(CaOODSP)9.514715 |